000 00569nam a2200169Ia 4500
008 090124s9999 xx 000 0 und d
082 _b20531
100 _aआपटे हरि नारायण
245 _a गड आला पण सिंह गेला
250 _a0
300 _a10+160
600 _aआपटे हरि नारायण
630 _a गड आला पण सिंह गेला
700 _aआपटे हरि नारायण
730 _a गड आला पण सिंह गेला
942 _cBOOK
999 _c134336
_d134336